000 00538nam a2200169 4500
001 148858
003 ES-MaACL
007 t|
008 070214s1945 sp r ||||1| spa d
245 0 0 _aSucedió en la U.R.S.S. /
_cSergio Kostineff [et al.] ; prólogo de Luis Ponde de León ; epílogo de Mauricio Karl.
260 _aMadrid :
_bNos Editor,
_c1945.
300 _a331 p. ;
_c22 cm.
700 1 _aKostineff, Sergio.
_968645
700 1 _aPonde de León, Luis.
_992972
700 1 _aKarl, Mauricio.
_967562
852 _aES-MaACL
_jB-9557
999 _c148858
_d148858